Top 10 meilleurs buteurs de l'Equipe d'Allemagne - Statistiques

Statistiques générales
  • Ce quiz a été pris 69 fois
  • Le résultat moyen est 4 sur 10
Statistiques - réponses
Classement Nb Sélection Nb Buts Réponse % Correct
2 62 68 Gerd Muller
97%
7 131 45 Thomas Müller
97%
1 137 71 Miroslav Klose
88%
6 95 45 Karl-Heinz Rummenigge
36%
4 90 47 Rudi Völler
33%
9 98 42 Michael Ballack
28%
3 130 49 Lukas Podolski
23%
5 108 47 Jürgen Klinsmann
22%
10 70 37 Olivier Bierhoff
11%
8 72 43 Uwe Seeler
6%
Aucun quiz correspondant
Distribution des résultats
% des personnes avec chaque résultat
Percentile par nombre de réponses
Votre historique - résultats
Vous n’avez pas pris ce quiz